Normal view MARC view

Entry Topical Term

Number of records used in: 1

001 - CONTROL NUMBER

  • control field: 31353

003 - CONTROL NUMBER IDENTIFIER

  • control field: OSt

005 - DATE AND TIME OF LATEST TRANSACTION

  • control field: 20220520122304.0

008 - FIXED-LENGTH DATA ELEMENTS

  • fixed length control field: 220520|| aca||aabn | a|a d

040 ## - CATALOGING SOURCE

  • Original cataloging agency: OSt
  • Transcribing agency: OSt

150 ## - HEADING--TOPICAL TERM

  • Topical term or geographic name entry element: Dacca, Strategy, Heliborne, Jacob.

670 ## - SOURCE DATA FOUND

  • Source citation: Work cat.: (OSt): Chakravorty , P.K. 31352, Land warfare in the eastern theatre: 1971 Indo-Pak war

Powered by Koha